[Event "Rilton Cup 2010-11"]
[Site "Stockholm SWE"]
[Date "2010.12.30"]
[Round "4"]
[White "Kudzma, Laimonas"]
[Black "Nielsen, Rogvi Egilstoft"]
[Result "1-0"]
[WhiteElo "2232"]
[BlackElo "2116"]
[WhiteFideId "12803545"]
[BlackFideId "7200447"]
[EventDate "2010.12.27"]

1. d4 e6 2. c4 d5 3. Nc3 Nf6 4. Bg5 Nbd7 5. e3 Be7 6. Nf3 O-O 7. Rc1 c6 8. a3
Re8 9. Bd3 a6 10. O-O h6 11. Bh4 dxc4 12. Bxc4 b5 13. Ba2 Bb7 14. e4 c5 15. e5
Ne4 16. Nxe4 Bxe4 17. Bxe7 Qxe7 18. dxc5 Nxc5 19. Qd6 Nd3 20. Rc7 Qxd6 21. exd6
Rec8 22. Bb1 Rd8 23. Bxd3 Bxd3 24. Rd1 Be2 25. Rd2 Bxf3 26. gxf3 Kf8 27. Kf1 Ke8
28. Re7+ Kf8 29. Ke2 Rxd6 30. Rxf7+ Kxf7 31. Rxd6 Rc8 32. b4 a5 33. bxa5 Rc2+
34. Kd3 Ra2 35. Kc3 Rxa3+ 36. Kb4 Rxf3 37. Rd2 Rf4+ 38. Kxb5 Rf3 39. Ra2 Ke7 40.
a6 Rb3+ 41. Kc5 Rc3+ 42. Kb4 Rc8 43. a7 Ra8 44. Kc5 1-0

[Event "Rilton Cup 2010-11"]
[Site "Stockholm SWE"]
[Date "2010.12.30"]
[Round "4"]
[White "Ask, Josef"]
[Black "Lokander, Martin"]
[Result "1-0"]
[WhiteElo "2205"]
[BlackElo "1982"]
[WhiteFideId "1704583"]
[BlackFideId "1709569"]
[EventDate "2010.12.27"]

1. c4 c5 2. g3 g6 3. Bg2 Bg7 4. Nf3 Nc6 5. O-O d6 6. Nc3 e5 7. d3 Nge7 8. Bg5 f6
9. Bd2 O-O 10. Ne1 Be6 11. Nc2 d5 12. cxd5 Nxd5 13. Ne3 Nde7 14. Nc4 a6 15. a4
Qc7 16. f4 Rad8 17. b3 f5 18. fxe5 Nxe5 19. Qc1 N7c6 20. Bf4 Qd7 21. Kh1 Nxd3
22. exd3 Qxd3 23. Rf3 Qd4 24. Qf1 Bd5 25. Re3 Bxg2+ 26. Kxg2 b5 27. axb5 axb5
28. Rd1 bxc4 29. Rxd4 cxd4 30. Qxc4+ Kh8 31. Re6 Na5 32. Qb5 dxc3 33. Qxa5 Ra8
34. Qc5 Rac8 35. Rc6 Rce8 36. Rc7 1-0

[Event "Rilton Cup 2010-11"]
[Site "Stockholm SWE"]
[Date "2010.12.30"]
[Round "4"]
[White "Kopasov, Alexander"]
[Black "Johansson, Linus"]
[Result "1-0"]
[WhiteElo "2198"]
[BlackElo "1966"]
[WhiteFideId "24106623"]
[BlackFideId "1711113"]
[EventDate "2010.12.27"]

1. d4 Nf6 2. c4 e6 3. Nf3 b6 4. g3 Bb7 5. Bg2 Be7 6. O-O O-O 7. Re1 a5 8. Nbd2
d5 9. cxd5 exd5 10. b3 Nbd7 11. Bb2 Ne4 12. Nxe4 dxe4 13. Ne5 Nxe5 14. dxe5 Qxd1
15. Rexd1 Rfd8 16. Rac1 c5 17. f4 exf3 18. Bxf3 Bxf3 19. exf3 Kf8 20. a4 Ke8 21.
Kf2 Rxd1 22. Rxd1 Rb8 23. Bc3 b5 24. Ke3 bxa4 25. bxa4 Rb3 26. Kd3 f6 27. Kc4
Rb7 28. exf6 Bxf6 29. Bxa5 Bd4 30. Bc3 Bxc3 31. Kxc3 Ra7 32. Ra1 Ra5 33. Kc4 Kd7
34. Kd5 Kc7 35. f4 Kd7 36. g4 h5 37. gxh5 c4+ 38. Kxc4 Rxh5 39. a5 Kc7 40. Rg1
Rxa5 41. Rxg7+ Kd8 42. Kd4 Rh5 43. Rg2 Ke7 44. Ke4 Rh3 45. Kf5 Kf7 46. Ra2 Rh5+
47. Kg4 Rb5 48. h4 Kg7 49. Re2 Kf6 50. Rc2 Rb6 51. h5 Ra6 52. Rc7 Ra1 53. Rc6+
Kg7 54. Kg5 Rb1 55. Rc7+ Kg8 56. f5 Rb6 57. h6 Ra6 58. f6 Ra1 59. f7+ Kf8 60. h7
Rg1+ 1-0

[Event "Rilton Cup 2010-11"]
[Site "Stockholm SWE"]
[Date "2010.12.30"]
[Round "4"]
[White "Palmblad, Jan Peter"]
[Black "Olund, Joar"]
[Result "0-1"]
[WhiteElo "2135"]
[BlackElo "2035"]
[WhiteFideId "1705512"]
[BlackFideId "1714848"]
[EventDate "2010.12.27"]

1. e4 g6 2. d4 Bg7 3. Nf3 d6 4. c4 e5 5. dxe5 dxe5 6. Qxd8+ Kxd8 7. Nc3 c6 8.
Be3 Nd7 9. O-O-O Kc7 10. c5 f6 11. b4 Bf8 12. Nd2 b6 13. Nb3 Nh6 14. f3 Nf7 15.
Rd2 Nd8 16. Be2 bxc5 17. bxc5 Nb7 18. Na4 h5 19. g3 f5 20. exf5 gxf5 21. Bc4 Be7
22. h4 Rh7 23. f4 e4 24. Bd4 Bf6 25. Re1 Bxd4 26. Nxd4 Ndxc5 27. Nxc5 Nxc5 28.
Nxc6 Kxc6 29. Bd5+ Kb6 30. Bxa8 Nd3+ 31. Rxd3 exd3 32. Kd2 Ba6 33. Re6+ Kc5 34.
Re5+ Kb4 35. Bf3 Rg7 36. a3+ Kb3 37. Bd1+ Kc4 38. Rxf5 Rxg3 39. Rg5 Rh3 40. Ra5
Bb5 41. Bxh5 Rxh4 42. Bf7+ Kd4 43. Rxb5 Rh2+ 44. Kc1 Rh1+ 45. Kb2 d2 46. Bb3
d1=N+ 47. Kc2 Ne3+ 48. Kd2 Rh2+ 49. Ke1 Kd3 50. Bd1 Rh1+ 51. Kf2 Nxd1+ 52. Kg2
Rh6 53. Kf3 Nc3 54. Rb7 Ra6 55. f5 Nd5 56. Kg4 Rxa3 57. Kg5 Ra6 58. Rb1 Nc3 59.
Rf1 Rb6 60. Rf3+ Kd4 61. Rf1 a5 62. Ra1 Ra6 63. Re1 a4 64. Re6 Rxe6 65. fxe6 Nd5
66. Kg6 a3 67. Kg7 0-1

[Event "Rilton Cup 2010-11"]
[Site "Stockholm SWE"]
[Date "2010.12.30"]
[Round "4"]
[White "Bryntze, Stefan"]
[Black "Thiborg, Jesper"]
[Result "0-1"]
[WhiteElo "2135"]
[BlackElo "2020"]
[WhiteFideId "1709100"]
[BlackFideId "1711954"]
[EventDate "2010.12.27"]

1. f4 d5 2. e3 g6 3. Nf3 Bg7 4. Be2 Nf6 5. b3 Ne4 6. c3 O-O 7. O-O Nc6 8. Bb5
Bg4 9. Bb2 a6 10. Bxc6 bxc6 11. Qe2 a5 12. d3 Nd6 13. c4 f6 14. Nc3 Nf5 15. Na4
e5 16. e4 Nh4 17. Qf2 Nxf3+ 18. gxf3 Bc8 19. Qc5 d4 20. Qxc6 Bd7 21. Qd5+ Rf7
22. Nc5 c6 23. Ne6 Qe7 24. Qc5 Qxe6 25. Kh1 Bf8 26. Qb6 Bc8 27. fxe5 fxe5 28. f4
c5 29. Qd8 Bd7 30. Qg5 Bd6 31. fxe5 Be7 32. Qg3 Raf8 33. Kg2 Bc8 34. Rad1 Qh3+ 0-1

[Event "Rilton Cup 2010-11"]
[Site "Stockholm SWE"]
[Date "2010.12.31"]
[Round "5"]
[White "Macieja, Bartlomiej"]
[Black "Semcesen, Daniel"]
[Result "1-0"]
[WhiteTitle "GM"]
[BlackTitle "IM"]
[WhiteElo "2636"]
[BlackElo "2449"]
[WhiteFideId "1104306"]
[BlackFideId "1706993"]
[EventDate "2010.12.27"]

1. Nf3 d5 2. d4 Nf6 3. c4 dxc4 4. Nc3 c6 5. a4 e6 6. e3 c5 7. Bxc4 Nc6 8. O-O
cxd4 9. exd4 Be7 10. Bg5 O-O 11. Qd2 b6 12. d5 Na5 13. Ba2 Nxd5 14. Nxd5 Bxg5
15. Nxg5 exd5 16. Qxd5 Qxd5 17. Bxd5 Bb7 18. Ba2 h6 19. Nxf7 Rxf7 20. Rac1 Nc6
21. Rfd1 Rf8 22. Rd7 Ba8 23. b4 a6 24. f4 b5 25. axb5 axb5 26. Rc5 g6 27. f5
gxf5 28. Rxf7 Rxf7 29. Rxf5 Nd8 30. Rxb5 Kg7 31. Bxf7 Nxf7 32. Rb8 Be4 33. b5
Nd6 34. b6 Nb7 35. Kf2 Kf6 36. g3 Bd5 37. Ke3 Kf5 38. Rh8 Kg5 39. Kd4 Bf3 40.
Ke5 Nc5 41. Rg8+ Kh5 42. Rg7 Bg2 43. Kf5 Be4+ 44. Kf6 Nb7 45. Re7 Bg2 46. Kf5
Nd6+ 47. Kf4 Nb7 48. Rg7 Nc5 49. Ke3 Bh1 50. Kf2 Be4 51. Kg1 Bf3 52. h3 Ne6 53.
b7 1-0

[Event "Rilton Cup 2010-11"]
[Site "Stockholm SWE"]
[Date "2010.12.31"]
[Round "5"]
[White "Hillarp Persson, Tiger"]
[Black "Furhoff, Johan"]
[Result "0-1"]
[WhiteTitle "GM"]
[BlackTitle "IM"]
[WhiteElo "2528"]
[BlackElo "2365"]
[WhiteFideId "1700812"]
[BlackFideId "1701797"]
[EventDate "2010.12.27"]

1. c4 e5 2. g3 Nc6 3. Bg2 f5 4. Nc3 Nf6 5. e3 d5 6. cxd5 Nb4 7. d3 Nfxd5 8. Nxd5
Nxd5 9. Nf3 Bb4+ 10. Nd2 Nb6 11. a3 Bd6 12. b3 O-O 13. O-O c6 14. Bb2 Qe7 15.
Re1 Bd7 16. Qc2 Rae8 17. b4 Qf7 18. f4 exf4 19. gxf4 Be6 20. Re2 Bd5 21. Rf1 Re6
22. Nf3 Qh5 23. a4 Rfe8 24. a5 Nd7 25. Ng5 Rg6 26. Bxd5+ cxd5 27. Rg2 h6 28. Qb3
hxg5 29. Qxd5+ Ree6 30. Qxf5 Qh4 31. Kh1 Nf8 32. fxg5 Rxe3 33. Qd5+ Kh7 34. Qc4
Qxc4 35. dxc4 Bxb4 36. Bd4 Re4 37. Bxa7 Rxc4 38. Bb6 Ne6 39. Rf5 Rc1+ 40. Bg1
Bc5 41. h4 Nd4 42. Rf7 Re6 43. Kh2 Kg6 44. Rxb7 Nf3+ 45. Kg3 Nxg1 0-1

[Event "Rilton Cup 2010-11"]
[Site "Stockholm SWE"]
[Date "2010.12.31"]
[Round "5"]
[White "Souleidis, Georgios"]
[Black "Gleizerov, Evgeny"]
[Result "0-1"]
[WhiteTitle "IM"]
[BlackTitle "GM"]
[WhiteElo "2411"]
[BlackElo "2572"]
[WhiteFideId "4206827"]
[BlackFideId "4101332"]
[EventDate "2010.12.27"]

1. e4 e6 2. d4 d5 3. Nc3 Nf6 4. Bg5 Be7 5. e5 Nfd7 6. h4 h6 7. Bxe7 Qxe7 8. Qd2
O-O 9. f4 c5 10. Nf3 Nc6 11. dxc5 Nxc5 12. Bd3 f6 13. O-O-O fxe5 14. fxe5 Bd7
15. Ne2 Be8 16. Nf4 Nxd3+ 17. cxd3 Qf7 18. g3 Qf5 19. h5 Qg4 20. Nh2 Qxg3 21.
Nxe6 Rf2 22. Rdg1 Qxg1+ 23. Rxg1 Rxd2 24. Rxg7+ Kh8 25. Kxd2 Bxh5 26. Rxb7 Nxe5
27. Nf4 Be8 28. Re7 Ng6 29. Rxe8+ Rxe8 30. Nxg6+ Kg7 31. Nf4 Kf6 32. Nxd5+ Ke5
33. Ng4+ Kd4 34. Nde3 h5 35. Nf5+ Kc5 36. d4+ Kb4 37. Nge3 Rh8 38. Nh4 a5 39.
Kd3 a4 40. Nc2+ Ka5 41. Ne3 Kb4 42. Nd5+ Ka5 43. Nf4 Rb8 44. Kc3 Rc8+ 45. Kd2
Rb8 46. Nd3 Rg8 47. Ne5 Kb4 48. Ke3 Rg1 49. Nhf3 Rh1 50. Nd3+ Kb5 51. d5 h4 52.
Nfe5 h3 53. d6 Kb6 54. Nc4+ Kb7 55. Nc5+ Kc6 56. d7 Kc7 57. Nb6 Rd1 58. Ke2 h2
59. Kxd1 h1=Q+ 60. Kc2 Qh2+ 61. Kc3 Qe5+ 62. Kc4 Qe2+ 63. Kc3 Qe3+ 64. Kc4 Qc1+
65. Kd5 Qd2+ 66. Kc4 Kxb6 67. Nxa4+ Kc6 0-1

[Event "Rilton Cup 2010-11"]
[Site "Stockholm SWE"]
[Date "2010.12.31"]
[Round "5"]
[White "Holmsten, Aleksei"]
[Black "Ulibin, Mikhail"]
[Result "0-1"]
[WhiteTitle "IM"]
[BlackTitle "GM"]
[WhiteElo "2381"]
[BlackElo "2552"]
[WhiteFideId "500933"]
[BlackFideId "4101405"]
[EventDate "2010.12.27"]

1. e4 e6 2. d4 d5 3. exd5 exd5 4. c4 Nf6 5. Nc3 Bb4 6. Bd3 dxc4 7. Bxc4 O-O 8.
Ne2 Nc6 9. O-O h6 10. h3 Bf5 11. Qb3 Bxc3 12. bxc3 Na5 13. Qb5 c5 14. Qxc5 Bc2
15. Ba3 Nxc4 16. Qxc4 Re8 17. Rfe1 Rc8 18. Qb5 Be4 19. Ng3 Rxc3 20. Nxe4 Rxe4
21. Rxe4 Nxe4 22. Bb4 Rc7 23. Re1 Nf6 24. Qe5 Qd7 25. Be7 Nd5 26. Bd6 Rc6 27.
Qxd5 Rxd6 28. Re8+ Kh7 29. Qe4+ f5 30. Qe5 Rd5 31. Qe6 Qxe6 32. Rxe6 Rxd4 33.
Re7 Rb4 34. Rc7 Rb1+ 35. Kh2 Rb2 36. Kg3 a5 37. a4 Rb3+ 38. f3 b6 39. Rf7 Kg6
40. Rc7 Rb4 41. Rc6+ Kf7 42. Rc7+ Kf6 43. Rc6+ Kf7 44. h4 h5 45. Rd6 f4+ 46. Kf2
Rxa4 47. Rxb6 Rb4 48. Ra6 a4 49. Ke2 Rd4 50. Ra7+ Kf6 51. Ra5 Ke6 52. Rxh5 Rd5
53. Rh8 Ra5 54. Kd3 a3 55. Re8+ Kf5 56. Re1 a2 57. Ra1 Kg6 58. Ke2 Kh5 59. Kf2
Kxh4 60. Rh1+ Kg5 0-1

[Event "Rilton Cup 2010-11"]
[Site "Stockholm SWE"]
[Date "2010.12.31"]
[Round "5"]
[White "Jacobsen, Bo"]
[Black "Brynell, Stellan"]
[Result "1/2-1/2"]
[BlackTitle "GM"]
[WhiteElo "2317"]
[BlackElo "2492"]
[WhiteFideId "1400738"]
[BlackFideId "1700219"]
[EventDate "2010.12.27"]

1. d4 f5 2. g3 Nf6 3. Bg2 g6 4. Nf3 Bg7 5. O-O O-O 6. b3 d6 7. Bb2 Nc6 8. c4 Ne4
9. Nc3 Nxc3 10. Bxc3 e5 11. dxe5 Nxe5 12. Nxe5 dxe5 13. Qd5+ Qxd5 14. Bxd5+ Kh8
15. Bb4 Rd8 16. Rad1 a5 17. Be7 Re8 18. Ba3 Bf6 19. Bf7 Rd8 20. Rxd8+ Bxd8 21.
Rd1 Bf6 22. c5 Kg7 23. Bc4 g5 24. f3 h5 25. e3 f4 26. e4 g4 27. gxf4 exf4 28.
Bc1 gxf3 29. Bxf4 Bg4 30. Kf2 Bh4+ 31. Bg3 Be7 32. Bxc7 Bxc5+ 33. Kg3 f2 34. Rd5
b6 35. Rg5+ Kh7 36. h3 Bd1 37. Rf5 Rc8 38. Rf7+ Kg6 39. Be5 Re8 40. Rf6+ Kh7 41.
Bc3 h4+ 42. Kf4 Bc2 43. Rf7+ Kg6 44. Rf6+ Kh7 45. e5 Rd8 46. Rf7+ Kg6 47. Rf6+
Kh7 48. Rf7+ Kh6 49. Rf6+ 1/2-1/2

[Event "Rilton Cup 2010-11"]
[Site "Stockholm SWE"]
[Date "2010.12.31"]
[Round "5"]
[White "Blomqvist, Erik"]
[Black "Lindberg, Bosse"]
[Result "1-0"]
[WhiteTitle "IM"]
[WhiteElo "2449"]
[BlackElo "2404"]
[WhiteFideId "1709437"]
[BlackFideId "1705997"]
[EventDate "2010.12.27"]

1. e4 e5 2. Nf3 Nc6 3. Bb5 a6 4. Ba4 Nf6 5. O-O Be7 6. Re1 b5 7. Bb3 d6 8. c3
O-O 9. h3 h6 10. d4 Re8 11. Nbd2 Bf8 12. Nf1 Bd7 13. Ng3 Na5 14. Bc2 c5 15. b3
Nc6 16. Bb2 Qc7 17. Qd2 Rac8 18. Bd3 g6 19. b4 c4 20. Bc2 Nxb4 21. cxb4 c3 22.
Bxc3 Qxc3 23. Qxc3 Rxc3 24. Bb3 exd4 25. Nxd4 h5 26. Rad1 Rc7 27. Nf3 Bc6 28.
Rc1 Rec8 29. Rcd1 Re8 30. Rc1 Ree7 31. Re2 Bh6 32. Rc3 Bb7 33. Rxc7 Rxc7 34. Re1
Rc1 35. Rxc1 Bxc1 36. e5 Bxf3 37. gxf3 dxe5 38. Ne4 Ne8 39. Bd5 Ba3 40. Nc5 a5
41. Na6 Bxb4 42. Bc6 Nd6 43. Nc7 Kf8 44. Nxb5 Nf5 45. a3 Bc5 46. Kf1 Ke7 47. a4
Ke6 48. Ke2 Ne7 49. Bb7 Nd5 50. Kf1 Nf4 51. Nc3 f5 52. h4 Be7 53. Ne2 Nd3 54.
Ba6 Nb2 55. Bb5 Bxh4 56. f4 Nd1 57. fxe5 Kxe5 58. Be8 Kf6 59. Nf4 Nxf2 1-0

[Event "Rilton Cup 2010-11"]
[Site "Stockholm SWE"]
[Date "2010.12.31"]
[Round "5"]
[White "Ivanov, Sergey"]
[Black "Leer-Salvesen, Bjarte"]
[Result "1-0"]
[WhiteTitle "GM"]
[BlackTitle "IM"]
[WhiteElo "2536"]
[BlackElo "2360"]
[WhiteFideId "4101375"]
[BlackFideId "1501496"]
[EventDate "2010.12.27"]

1. d4 d5 2. c4 e6 3. Nf3 c6 4. e3 Nf6 5. b3 Nbd7 6. Bb2 Bd6 7. Bd3 O-O 8. O-O
Qe7 9. Ne5 Ne8 10. Nd2 f5 11. Qc2 Nef6 12. f3 Ba3 13. Bxa3 Qxa3 14. g4 Qd6 15.
g5 Ne8 16. c5 Qe7 17. f4 Nxe5 18. dxe5 Nc7 19. Rac1 Bd7 20. Nf3 b5 21. a4 a6 22.
Nd4 Rfb8 23. Ra1 h6 24. gxh6 gxh6 25. Kh1 Kh8 26. Rg1 Rg8 27. Rxg8+ Rxg8 28.
axb5 axb5 29. Ra7 Be8 30. Qf2 Rg7 31. b4 Qd8 32. Rxc7 Qxc7 33. Nxe6 Qd7 34. Nxg7
Kxg7 35. Qh4 Qe6 36. Kg2 Bd7 37. Kf2 Qf7 38. Be2 Be8 39. Qd8 Qg6 40. Qd6 Bf7 41.
Qxg6+ Bxg6 42. Kg3 Bf7 43. Kh4 Be6 44. Bf3 Bc8 45. Bh5 Bd7 46. h3 Kg8 47. e6
Bxe6 48. Be8 d4 49. Bxc6 d3 50. Bxb5 d2 51. Ba4 Bd7 52. Bb3+ Kf8 53. Kg3 Ke7 54.
Kf2 Bb5 55. e4 Bc4 1-0

[Event "Rilton Cup 2010-11"]
[Site "Stockholm SWE"]
[Date "2010.12.31"]
[Round "5"]
[White "Akesson, Ralf"]
[Black "Kudzma, Laimonas"]
[Result "1-0"]
[WhiteTitle "GM"]
[WhiteElo "2434"]
[BlackElo "2232"]
[WhiteFideId "1700120"]
[BlackFideId "12803545"]
[EventDate "2010.12.27"]

1. Nf3 d5 2. d4 Bf5 3. c4 e6 4. Nc3 c6 5. Qb3 Qc8 6. Bf4 Nf6 7. Rc1 Be7 8. cxd5
Nxd5 9. Bg3 O-O 10. e3 Nd7 11. Be2 N7f6 12. O-O Ne4 13. Nxe4 Bxe4 14. Ne5 a5 15.
a3 a4 16. Qd1 Qd8 17. Re1 f6 18. Nc4 Nb6 19. Nd2 Bg6 20. Bf3 Ra6 21. Qe2 Ra5 22.
Red1 Rb5 23. Ne4 Bxe4 24. Bxe4 Bd6 25. Bd3 Ra5 26. Bb1 Bxg3 27. hxg3 Qd5 28. e4
Qg5 29. Ba2 Re8 30. Rc3 f5 31. Rc5 Rxc5 32. dxc5 Nc8 33. e5 Na7 34. Qd3 Qe7 35.
Qxf5 Nb5 36. Qc2 Nc7 37. Rd6 Qg5 38. Bb1 g6 39. Rd7 Re7 40. Rd8+ Kg7 41. Rd4
Qxe5 42. Rxa4 Qe1+ 43. Kh2 Rf7 44. Re4 Qxf2 45. Qxf2 Rxf2 46. Rb4 Nd5 47. Rxb7+
Kh6 48. Be4 Nf6 49. Bxc6 e5 50. g4 e4 51. Kg3 Rc2 52. b4 Kg5 53. Ra7 Rc3+ 54.
Kf2 e3+ 55. Ke2 Nxg4 56. Bf3 Rc2+ 57. Kd3 1-0

[Event "Rilton Cup 2010-11"]
[Site "Stockholm SWE"]
[Date "2010.12.31"]
[Round "5"]
[White "Holving, Rasmus"]
[Black "Bellon Lopez, Juan Manuel"]
[Result "0-1"]
[BlackTitle "GM"]
[WhiteElo "2211"]
[BlackElo "2394"]
[WhiteFideId "1703145"]
[BlackFideId "2200031"]
[EventDate "2010.12.27"]

1. e4 c5 2. Nf3 e6 3. g3 a6 4. Bg2 d6 5. O-O Nf6 6. Re1 Qc7 7. c3 Be7 8. d4 O-O
9. dxc5 Qxc5 10. Be3 Qc7 11. Nbd2 Ng4 12. Qe2 Nxe3 13. Qxe3 Nd7 14. Nd4 Ne5 15.
f4 Ng4 16. Qf3 e5 17. h3 exd4 18. hxg4 dxc3 19. bxc3 h6 20. Bf1 Bf6 21. Rac1 Be6
22. Kg2 Qa5 23. Rc2 Rac8 24. Rec1 b5 25. Be2 Rfe8 26. c4 b4 27. Nb3 Qb6 28. c5
dxc5 29. Nxc5 Bxa2 30. Rxa2 Rxc5 31. Rxa6 Qxa6 32. Rxc5 Qa2 33. Rb5 Rc8 34. Rxb4
Rc2 35. Kf2 Rc3 36. Qh1 Qa7+ 37. Kg2 Qe3 38. Qe1 Rc2 39. Kf1 Rc1 0-1

[Event "Rilton Cup 2010-11"]
[Site "Stockholm SWE"]
[Date "2010.12.31"]
[Round "5"]
[White "Straeter, Timo"]
[Black "Ask, Josef"]
[Result "1/2-1/2"]
[WhiteTitle "FM"]
[WhiteElo "2325"]
[BlackElo "2205"]
[WhiteFideId "4621964"]
[BlackFideId "1704583"]
[EventDate "2010.12.27"]

1. d4 e6 2. Nf3 f5 3. Bf4 Nf6 4. e3 Be7 5. c4 b6 6. Nc3 Bb7 7. Bd3 Bb4 8. Qb3 a5
9. a3 Bxc3+ 10. Qxc3 Be4 11. Be2 a4 12. d5 O-O 13. dxe6 d6 14. Nd4 Ra5 15. f3
Bb7 16. O-O-O Nd5 17. Qd2 Nxf4 18. exf4 Qf6 19. Rhe1 Na6 20. Bf1 Nc5 21. Qe3
Raa8 22. e7 Rfe8 23. Kb1 Kf7 24. Bd3 g6 25. Nb5 Rac8 26. Bc2 Rxe7 27. Qf2 Rce8
28. Rxe7+ Qxe7 29. Nc3 Bc6 30. g4 fxg4 31. fxg4 Ne4 32. Bxe4 Bxe4+ 33. Ka1 Bc6
34. f5 Qf6 35. Qc2 Re5 36. Rf1 gxf5 37. gxf5 Qh4 38. Nxa4 Ra5 39. Nc3 Qxc4 40.
Rc1 Rc5 41. f6 Be4 42. Qf2 Bg6 43. Qe3 Kxf6 44. b4 Re5 45. Qf2+ Kg7 46. Na2 Re2
47. Rxc4 Rxf2 48. Rxc7+ Bf7 49. Nc3 Rxh2 50. Ne4 Ra2+ 51. Kb1 Rxa3 52. Ng5 Rb3+
53. Kc2 Rxb4 54. Nxf7 d5 55. Ng5+ 1/2-1/2

[Event "Rilton Cup 2010-11"]
[Site "Stockholm SWE"]
[Date "2010.12.31"]
[Round "5"]
[White "Groetz, Harald"]
[Black "Kopasov, Alexander"]
[Result "1/2-1/2"]
[WhiteTitle "IM"]
[WhiteElo "2314"]
[BlackElo "2198"]
[WhiteFideId "1605607"]
[BlackFideId "24106623"]
[EventDate "2010.12.27"]

1. e4 e6 2. d4 d5 3. Nd2 c5 4. exd5 Qxd5 5. Ngf3 cxd4 6. Bc4 Qd6 7. O-O Nf6 8.
Nb3 Nc6 9. Nbxd4 Nxd4 10. Nxd4 a6 11. Re1 Qc7 12. Bb3 Bd6 13. h3 O-O 14. Bg5 Bf4
15. Bxf6 gxf6 16. Qf3 Kh8 17. Rad1 Rg8 18. c3 Bd7 19. Re4 Be5 20. Rg4 f5 21.
Rxg8+ Rxg8 22. Qd3 b5 23. Bc2 b4 24. cxb4 Qb7 25. Qf3 Qxb4 26. Qe3 f6 27. Bb3
Qb7 28. Qf3 Qb6 29. Qd3 Bc8 30. Nxf5 Bb7 31. Ne3 Qc6 32. Kf1 a5 33. Bc4 Bf4 34.
Bb5 Qc5 35. g4 Bf3 36. Re1 Bxe3 37. Rxe3 Qc1+ 38. Re1 Bg2+ 39. Kxg2 Qxe1 40. Qd4
Qe5 41. Qxe5 fxe5 42. Bc4 Rc8 43. b3 Kg7 44. h4 1/2-1/2

[Event "Rilton Cup 2010-11"]
[Site "Stockholm SWE"]
[Date "2010.12.31"]
[Round "5"]
[White "Arman, Deniz"]
[Black "Hobber, Anders"]
[Result "1-0"]
[WhiteElo "2297"]
[BlackElo "2196"]
[WhiteFideId "6302106"]
[BlackFideId "1505424"]
[EventDate "2010.12.27"]

1. e4 e6 2. d4 d5 3. Nc3 Bb4 4. a3 Bxc3+ 5. bxc3 dxe4 6. Qg4 Nf6 7. Qxg7 Rg8 8.
Qh6 c5 9. dxc5 Nbd7 10. Ne2 Nxc5 11. Be3 Rg6 12. Qf4 Nd5 13. Qe5 Nxe3 14. fxe3
Qg5 15. Qd4 b6 16. Nf4 Rg8 17. Bb5+ Kf8 18. Bc6 Qh4+ 19. g3 Rxg3 20. O-O-O Qe7
21. Qd8+ Qxd8 22. Rxd8+ Ke7 23. Re8+ Kd6 24. Bxa8 Rxe3 25. Rxc8 Rxc3 26. Rh8 Ke5
27. Ne2 Rxa3 28. Kb2 Re3 29. Nc3 Rh3 30. Rg8 f5 31. Bc6 a5 32. Rb8 Kd6 33. Bb5
Kc7 34. Rf8 Kd6 35. Rc8 Ke5 36. Rc6 f4 37. Rxb6 e3 38. Rc6 Ne4 39. Nxe4 Kxe4 40.
Rxe6+ Kf5 41. Bd7 Rh4 42. Rg1 h5 43. Rxe3+ Kf6 44. Rh3 Rg4 45. Bxg4 hxg4 46.
Rxg4 Ke7 47. Rg6 Kd8 48. Rh7 f3 49. Rg8# 1-0

[Event "Rilton Cup 2010-11"]
[Site "Stockholm SWE"]
[Date "2010.12.31"]
[Round "5"]
[White "Wenzel, Birger"]
[Black "Astrup, Kim"]
[Result "0-1"]
[WhiteElo "2060"]
[BlackElo "2274"]
[WhiteFideId "4657497"]
[BlackFideId "1501950"]
[EventDate "2010.12.27"]

1. d4 d6 2. Nf3 f5 3. g3 Nf6 4. Bg2 g6 5. O-O Bg7 6. c4 O-O 7. Nc3 c6 8. Rb1 Qe8
9. d5 Na6 10. b4 Bd7 11. dxc6 bxc6 12. a3 Nc7 13. Bb2 Rb8 14. Ba1 a5 15. Qd2
axb4 16. axb4 Ne6 17. Rfe1 Ne4 18. Qd3 Qf7 19. e3 Nc7 20. Red1 Na6 21. Na2 Bxa1
22. Rxa1 Nxb4 23. Nxb4 Rxb4 24. Ne5 dxe5 25. Qxd7 Rxc4 26. Ra7 Nc3 27. Rda1 e4
28. Bf1 Rc5 29. Rc7 Nd5 30. Rxc6 Nf6 31. Qc7 Rxc6 32. Qxc6 Kh8 33. Bc4 Qg7 34.
Ra7 Ng4 35. Qe6 Qc3 36. Ra2 Qe5 37. h3 Qxe6 38. Bxe6 Ne5 39. Ra7 Kg7 40. Bb3 Kf6
41. Ra6+ Kg5 42. Re6 Nf3+ 43. Kg2 Re8 44. Bd1 Ne1+ 45. Kf1 Nd3 46. Be2 Rc8 47.
Kg2 Ne1+ 48. Kf1 Rc1 49. h4+ Kh6 50. Rxe7 Nf3+ 51. Kg2 Rg1+ 52. Kh3 g5 53. Bxf3
exf3 54. hxg5+ Kxg5 55. Kh2 Rg2+ 0-1

[Event "Rilton Cup 2010-11"]
[Site "Stockholm SWE"]
[Date "2010.12.31"]
[Round "5"]
[White "Frisk, Ellinor"]
[Black "Logdahl, Harald"]
[Result "0-1"]
[WhiteTitle "WFM"]
[BlackTitle "FM"]
[WhiteElo "2126"]
[BlackElo "2257"]
[WhiteFideId "1708481"]
[BlackFideId "1702734"]
[EventDate "2010.12.27"]

1. e4 Nf6 2. e5 Nd5 3. d4 d6 4. Nf3 g6 5. Bc4 Nb6 6. Bb3 Bg7 7. a4 a5 8. O-O d5
9. h3 Bf5 10. Nc3 h5 11. Bg5 Qd7 12. Nb5 c6 13. Na3 Na6 14. c3 Nc7 15. Bc2 Bxc2
16. Nxc2 Ne6 17. Be3 Nc4 18. b3 Nxe3 19. fxe3 Bh6 20. Qe2 Ng7 21. Qf2 e6 22. Qe1
Nf5 23. Nh4 Qe7 24. Nf3 g5 25. g4 hxg4 26. hxg4 Nh4 27. Qg3 Rh7 28. Ra2 Qc7 29.
Kf2 O-O-O 30. Rh1 Rdh8 31. Raa1 Kb8 32. Nd2 Bf8 33. Rag1 f6 34. e4 Ng6 35. Rxh7
Rxh7 36. Rg2 fxe5 37. dxe5 Bc5+ 38. Nd4 Qxe5 39. Qxe5+ Nxe5 40. Ke2 Bxd4 41.
cxd4 Ng6 42. Rg3 Nf4+ 43. Kd1 Rh1+ 44. Kc2 Rh2 45. Kd1 Re2 46. exd5 exd5 47. Kc2
Rf2 48. Kd1 Ne6 49. Ke1 Rf4 50. Nf3 Re4+ 51. Kd2 Kc7 52. Kd3 Kd6 53. Rg1 Nf4+
54. Kd2 Re2+ 55. Kd1 Rb2 56. Re1 Rxb3 57. Nxg5 Rd3+ 58. Kc2 Rxd4 59. Kb3 Rb4+
60. Ka3 Nd3 61. Nf7+ Kd7 62. Re3 Nc5 63. g5 Rxa4+ 64. Kb2 Rb4+ 65. Kc2 d4 66.
Re5 d3+ 67. Kd2 Rb2+ 68. Kc1 Rc2+ 69. Kd1 Na4 70. Re3 Nc3+ 0-1

[Event "Rilton Cup 2010-11"]
[Site "Stockholm SWE"]
[Date "2010.12.31"]
[Round "5"]
[White "Thompson, Ian D"]
[Black "Markevich, Ilya"]
[Result "1-0"]
[WhiteTitle "FM"]
[WhiteElo "2264"]
[BlackElo "2175"]
[WhiteFideId "405205"]
[BlackFideId "24114839"]
[EventDate "2010.12.27"]

1. c4 e6 2. d4 d5 3. Nf3 c5 4. e3 Nf6 5. Nc3 Nc6 6. a3 a6 7. dxc5 Bxc5 8. b4 Ba7
9. Bb2 O-O 10. Qc2 Qc7 11. cxd5 exd5 12. Bd3 h6 13. Ne2 Qe7 14. Ned4 Bd7 15.
Nxc6 bxc6 16. O-O Bb8 17. Bf5 Ne4 18. Bxd7 Qxd7 19. Rac1 Rc8 20. Be5 Qe7 21.
Bxb8 Raxb8 22. Qd3 Ra8 23. Nd4 Qd7 24. Nb3 Nd6 25. Rfd1 Nb7 26. Nc5 Nxc5 27.
Rxc5 Qb7 28. Qc3 a5 29. bxa5 Ra6 30. Rc1 Rb8 31. g3 Qb3 32. Qe5 Rc8 33. Rxd5
Qxa3 34. Rdc5 Qb4 35. Kg2 Rca8 36. R1c4 Qb7 37. Rg4 g6 38. Qc3 Kh7 39. Rf4 Kg8
40. Re4 Qd7 41. Rce5 Rf8 42. h4 h5 43. Qc4 Rfa8 44. Qc3 Qd8 45. Kh2 Qf6 46. Re8+
Kg7 47. Qxf6+ Kxf6 48. Rf4+ Kg7 49. Re7 Rf8 50. Re5 Rfa8 51. Ra4 Rb8 52. Kg2 Rb5
53. Rxb5 cxb5 54. Ra2 b4 55. Rb2 Rxa5 56. Rxb4 Ra7 57. Kf3 Kf6 58. Kf4 Ra6 59.
e4 Rc6 60. Rd4 Ke6 61. f3 f6 62. Ra4 Rb6 63. Ra7 f5 64. exf5+ gxf5 65. Ra5 Rb3
66. Re5+ Kf6 67. Rxf5+ Kg6 68. Re5 Rb4+ 69. Re4 Rb6 70. g4 Rc6 71. Re5 Rc4+ 72.
Kg3 hxg4 73. fxg4 Rc3+ 74. Kf4 Rc4+ 75. Re4 Rc1 1-0